000 00854nam a2200253 i 4500
001 000038104
003 DO-SdBNP
005 20240116095357.0
007 ta
008 110427s1917 dr 000 0 spa d
040 _aDO-SdBNP
_bspa
_cBNPHU
_erda
082 _222
_bU588
110 _984770
_aUniversidad Central de Santo Domingo.
_bFacultad de Derecho y Ciencias Politicas
245 1 _aTesis para la licenciatura en derecho y ciencias politicas sustentada por Héctor Galván
264 _aSanto Domingo :
_bImprenta Benito Montalvo
_c1917
300 _a42 paginas ;
_c26 cm.
336 _2rdacontent
_atexto
_btxt
337 _2rdamedia
_asin mediación
_bn
338 _2rdacarrier
_avolumen
_bnc
500 _aTesis para la licenciatura en derecho y ciencias políticas
590 _aInventariado, 2024/ DG
910 _aDG
942 _2ddc
_cLF2
999 _c55685
_d55685